| 000 | 00768nam a2200241 u 4500 | ||
|---|---|---|---|
| 005 | 20220622063449.0 | ||
| 008 | 120215s2007 es r 000 0 spa d | ||
| 020 | _a9788479011123 | ||
| 035 | _aUPN01000183427 | ||
| 049 | _aCG | ||
| 050 | 4 |
_aPR6003 L9.8 _bM5.9 |
|
| 100 | 1 |
_aBlyton, Enid, _d1897-1968 _931287 |
|
| 245 | 1 | 0 |
_aMisterio en la casa deshabitada / _cEnyd Blyton ; tr. María Dolores Raich. |
| 260 |
_aBarcelona, Esp. : _bMolino, _c2007. |
||
| 300 | _a183 p. | ||
| 440 | 0 |
_aMisterio ; _v3 |
|
| 534 |
_pTítulo original: _tThe mistery of the secret room |
||
| 650 | 0 |
_aLiteratura juvenil inglesa _912778 |
|
| 650 | 0 |
_aCuentos policíacos y de misterio _92405 |
|
| 650 | 4 |
_aDETECTIVES - _vLITERATURA JUVENIL _910860 |
|
| 905 | _aLibro | ||
| 999 |
_c155530 _d155530 |
||